[Event "Torino-ch"]
[Site "Torino"]
[Date "2012.11.19"]
[Round "3"]
[White "Bertagia, Roldano"]
[Black "Pulito, Alberto"]
[Result "0-1"]
[WhiteElo "1931"]
[BlackElo "2277"]
[PlyCount "36"]
[EventDate "2012.11.07"]
[EventType "swiss"]
[EventRounds "7"]
[EventCountry "ITA"]
[SourceTitle "EXT 2014"]
[Source "ChessBase"]
[SourceDate "2013.11.20"]
[SourceVersion "1"]
[SourceVersionDate "2013.11.20"]
[SourceQuality "1"]

1. d4 Nf6 2. c4 e6 3. Nc3 Bb4 4. Bg5 h6 5. Bd2 b6 6. Nf3 Bb7 7. e3 0-0 8. Bd3 d5 9. cxd5 exd5 10. 0-0 Bd6 11. Rc1 a6 12. Qb3 Nbd7 13. Na4 Qe7 14. Nh4 g6 15. Bxg6 fxg6 16. Nxg6 Qf7 17. Nxf8 Bxh2+ 18. Kxh2 Qh5+ 0-1

[Event "Torino SST Junior-Senior (giallo)"]
[Site "Torino"]
[Date "2012.02.24"]
[Round "5"]
[White "Yao, Stefano"]
[Black "Bertagia, Roldano"]
[Result "1-0"]
[WhiteElo "1769"]
[BlackElo "1928"]
[PlyCount "85"]
[EventDate "2011.10.20"]
[EventType "schev"]
[EventRounds "8"]
[EventCountry "ITA"]
[SourceTitle "EXT 2018"]
[Source "ChessBase"]
[SourceDate "2017.10.13"]
[SourceVersion "1"]
[SourceVersionDate "2017.10.13"]
[SourceQuality "1"]

1. Nf3 d5 2. d4 e6 3. c4 Nf6 4. g3 Be7 5. Bg2 Nbd7 6. 0-0 0-0 7. Qc2 c6 8. b3 b6 9. Bb2 Bb7 10. Nc3 Rc8 11. Rad1 Qc7 12. e4 dxc4 13. bxc4 Rfd8 14. e5 Ne8 15. Ne4 h6 16. c5 bxc5 17. dxc5 Qa5 18. Bd4 Ba6 19. Rfe1 Bb5 20. Nfd2 Nf8 21. Nb3 Qa6 22. Nd6 Rb8 23. Qd2 Nc7 24. Qf4 Bxd6 25. cxd6 Nd5 26. Bxd5 cxd5 27. Nc5 Qa5 28. Qe3 a6 29. a3 Bc4 30. Rb1 Rb5 31. Nb7 Rxb7 32. Rxb7 Nd7 33. Bb6 Nxb6 34. Rxb6 d4 35. Qc1 d3 36. Rb2 Qxa3 37. Rd2 Qa4 38. Re4 Rc8 39. d7 Qxd7 40. Rxc4 Rd8 41. Rc3 Qb5 42. Qd1 Qxe5 43. Rcxd3 1-0

[Event "Bratto op-A 28th"]
[Site "Bratto"]
[Date "2008.08.26"]
[Round "5"]
[White "Bertagia, Roldano"]
[Black "Marguerettaz, Davy"]
[Result "1/2-1/2"]
[WhiteElo "2019"]
[BlackElo "1987"]
[PlyCount "98"]
[EventDate "2008.08.22"]
[EventType "swiss"]
[EventRounds "9"]
[EventCountry "ITA"]
[SourceTitle "CBM 126 Extra"]
[Source "ChessBase"]
[SourceDate "2008.11.05"]
[SourceVersion "1"]
[SourceVersionDate "2008.11.05"]
[SourceQuality "1"]

1. e4 e5 2. Nf3 Nc6 3. Bb5 Bc5 4. d3 Nd4 5. Nxd4 Bxd4 6. c3 Bb6 7. 0-0 c6 8. Ba4 Nf6 9. Qe2 d6 10. h3 Qe7 11. Be3 Bd7 12. Bxb6 axb6 13. Bb3 Be6 14. Nd2 0-0 15. a3 Kh8 16. f4 Bxb3 17. Nxb3 exf4 18. Rxf4 d5 19. e5 Nd7 20. d4 f6 21. Re1 fxe5 22. Rxf8+ Rxf8 23. dxe5 Rf5 24. e6 Nf8 25. Nd4 Rf6 26. Qg4 g6 27. Qg5 Rf7 28. Qe5+ Rg7 29. Nf3 h6 30. Nh2 Kg8 31. Ng4 Kh7 32. Qf4 g5 33. Qf5+ Ng6 34. Nf6+ Kh8 35. Nh5 Rg8 36. Rf1 Qc5+ 37. Qf2 Rf8 38. Qd4+ Qxd4+ 39. cxd4 Rxf1+ 40. Kxf1 Kg8 41. g3 Kf8 42. Nf6 Ke7 43. Ng8+ Kxe6 44. Nxh6 Ne7 45. Ke2 c5 46. Ke3 Nc6 47. dxc5 bxc5 48. a4 Ne5 49. b3 Kf6 1/2-1/2

[Event "Bratto op 25th"]
[Site "Bratto"]
[Date "2005.08.26"]
[Round "7"]
[White "Bertagia, Roldano"]
[Black "Ticozzi, Stefano"]
[Result "1/2-1/2"]
[WhiteElo "2002"]
[BlackElo "2088"]
[PlyCount "104"]
[EventDate "2005.08.20"]
[EventType "swiss"]
[EventRounds "9"]
[EventCountry "ITA"]
[SourceTitle "CBM 108 Extra"]
[Source "ChessBase"]
[SourceDate "2005.11.04"]
[SourceVersion "1"]
[SourceVersionDate "2005.11.04"]
[SourceQuality "1"]

1. e4 c5 2. f4 d5 3. exd5 Qxd5 4. Nc3 Qd6 5. d3 Nf6 6. Nf3 e6 7. g3 Be7 8. Bg2 0-0 9. 0-0 Nc6 10. Kh1 a6 11. Ng5 b6 12. Nce4 Qc7 13. Nxf6+ Bxf6 14. Ne4 Be7 15. c3 g6 16. Qe2 Bb7 17. Be3 Rad8 18. Rad1 Rfe8 19. g4 f5 20. Ng3 Bf6 21. h3 Ne7 22. d4 Bxg2+ 23. Kxg2 Nd5 24. dxc5 bxc5 25. Qf3 Qb7 26. Bc1 c4 27. Rfe1 Qb6 28. gxf5 gxf5 29. Nxf5 Nxf4+ 30. Bxf4 exf5 31. Rxe8+ Rxe8 32. Rd2 Kh8 33. Kh2 Rg8 34. Rg2 Rxg2+ 35. Qxg2 Qe6 36. Qa8+ Kg7 37. Qg2+ Kf7 38. Qc2 Kg6 39. Qd2 Kf7 40. Kg3 Kg6 41. Qe3 Qc6 42. Be5 Qe6 43. Bd4 Qd6+ 44. Qf4 Bh4+ 45. Kf3 Qc6+ 46. Ke2 Qg2+ 47. Bf2 Bxf2 48. Qxf2 Qxh3 49. Qb6+ Kg5 50. Qd8+ Kh5 51. Qe8+ Kh4 52. Qe7+ Kg4 1/2-1/2